000 00231nam a2200097Ia 4500
008 190216s9999||||xx |||||||||||||| ||und||
100 _aPhilip C D
245 0 _aDravyathinde Gunadarmangal
260 _bKerala Basha Inst
942 _cBK
999 _c37617
_d37617